000 00600nam a22001817a 4500
005 20251108165543.0
008 250721s1982 xx 000 0 ara d
082 1 4 _aم/415/جرج
100 1 _aالجرجاني، أبو بكر عبد القاهر إبن عبد الرحمن
245 1 0 _aكتاب المقتصد في شرح الأيضاح /
264 1 _aبغداد :
_bدار الرشيد،
_c1982.
300 _a
650 1 7 _aاللغة العربية
650 1 7 _aقواعد اللغة
700 1 _aالمرجان، كاظم بحر
_eتحقيق
942 _2ddc
_cREF
999 _c30643
_d30643